| 000 | 00559nam a2200229Ia 4500 | ||
|---|---|---|---|
| 001 | 12555 | ||
| 003 | GE_BSU | ||
| 008 | 181216s||||||||xx |||||||||||||| ||und|| | ||
| 020 | _a9780521044837 | ||
| 040 | _cGE_BSU | ||
| 080 | _a581.6(470) | ||
| 100 | _aCzerepanov S. K. | ||
| 245 | _aVascular Plants of Russia and adjacent states | ||
| 245 | _b(The former USSR) | ||
| 260 | _aCambridge | ||
| 260 | _bUniversity Press | ||
| 260 | _c1995 | ||
| 300 | _a516p.28cm. | ||
| 541 | _h222Gel. | ||
| 653 | _aVascular Plants of Russia and adjacent | ||
| 942 | _cBK | ||
| 999 |
_c45728 _d45728 |
||